• 首页
  • 本馆介绍
  • 公告通知
  • 最新文献
  • 馆藏检索
  • 电子资源
  • 读者荐购
  • 参考咨询
  • CALIS
  • 我的图书馆
  • 登录
  • 详细信息显示
  • 放入我的书架
  • 预约/预借图书
  • 作者相关作品
  • 分类相关作品
  • 丛书相关作品
  • 出版社相关作品

书目信息

  • 表格格式
  • 工作单格式
  • 卡片格式
题名:
认识自己的价值
    
 
作者: 顾鸿翔 , 范锦华 著
分册:  
出版信息: 长春   吉林人民出版社  2011.01
页数: 202页
开本: 24cm
丛书名: 青少年探索文库
单 册:
中图分类: B821
科图分类:
主题词: 人生观
电子资源:
ISBN: 978-7-206-07077-8
 
 
 
 
 
000 00702nam 2200241 450
001 1162024094
005 20111230171544.32
010    @a978-7-206-07077-8@dCNY25.80
100    @a20111230d2011 km y0chiy0120 ea
101 0  @achi
102    @aCN@b220000
105    @ay z 000yy
200 1  @a认识自己的价值@Aren shi zi ji de jia zhi@f顾鸿翔,范锦华著@Fgu hong xiang,fan jin hua zhu
210    @a长春@c吉林人民出版社@d2011.01
215    @a202页@d24cm
225 2  @a青少年探索文库
410  0 @12001 @a青少年探索文库
606 0  @a人生观
690    @aB821@v5
701  0 @a顾鸿翔@Agu hong xiang@4著
701  0 @a范锦华@Afan jin hua@4著
801  0 @aCN@bTYGS@c20111230
905    @aZUCC@dB821@eG4901@f3
    
    认识自己的价值/顾鸿翔,范锦华著.-长春:吉林人民出版社,2011.01
    202页;24cm.-(青少年探索文库)
    
    
    ISBN 978-7-206-07077-8:CNY25.80
    
●
相关链接 在E读中查询图书 在当当中查询图书 在豆瓣中查询图书


正题名:认识自己的价值     索取号:B821/G4901         预约/预借

序号 登录号 条形码 馆藏地/架位号 状态 备注
1 1191577   211915775   社科库509/509社科库 22排1列2层/ [索取号:B821/G4901] 在馆    
2 1191578   211915784   社科库509/509社科库 22排1列2层/ [索取号:B821/G4901] 在馆    
3 1191579   211915793   社科库509/509社科库 22排1列2层/ [索取号:B821/G4901] 在馆    
河南城建学院图书馆 欢迎您!
大连网信软件有限公司© 版权所有